El análisis monetario en España / (Record no. 138105)

MARC details
000 -LEADER
campo de control de longitud fija 00765nam a2200205 4500
001 - NÚMERO DE CONTROL
campo de control 138105
003 - IDENTIFICADOR DE NÚMERO DE CONTROL
campo de control ES-MaACL
005 - FECHA Y HORA DE LA ÚLTIMA TRANSACCIÓN
campo de control 20250630032908.0
007 - CAMPO FIJO DE DESCRIPCIÓN FÍSICA--INFORMACIÓN GENERAL
campo de control de longitud fija t|
008 - DATOS DE LONGITUD FIJA--INFORMACIÓN GENERAL
campo de control de longitud fija 070214s1960 sp r ||||1| spa d
100 1# - ENTRADA PRINCIPAL--NOMBRE DE PERSONA
Nombre de persona Sánchez-Pedreño, Antonio J.
9 (RLIN) 102837
245 13 - MENCIÓN DEL TÍTULO
Título El análisis monetario en España /
Mención de responsabilidad, etc. trabajo realizado por D. Antonio J. Sánchez-Pedreño ; bajo la dirección de D. Juan Sardá.
260 ## - PUBLICACIÓN, DISTRIBUCIÓN, ETC.
Lugar de publicación, distribución, etc. Madrid :
Nombre del editor, distribuidor, etc. [s. n.],
Fecha de publicación, distribución, etc. 1960 (
Fabricante Gráf. Reunidas)
300 ## - DESCRIPCIÓN FÍSICA
Extensión 61 p. ;
Dimensiones 25 cm +
Material acompañante/anejo 4 lám. pleg.
500 ## - NOTA GENERAL
Nota general Precede al tít.: Banco de España. Servicio de Estudios.
700 1# - ENTRADA AGREGADA--NOMBRE PERSONAL
Nombre de persona Sardá Dexeus, Juan (
Fechas asociadas al nombre 1910-1995)
9 (RLIN) 103788
710 20 - ENTRADA AGREGADA--NOMBRE DE ENTIDAD CORPORATIVA
Nombre de entidad corporativa o nombre de jurisdicción como elemento de entrada Banco de España
9 (RLIN) 2104
852 ## - LOCALIZACIÓN
Ubicación ES-MaACL
Número de control de estantería C-21847
Sublocalización o colección R.50860
Holdings
Estatus retirado Estado de pérdida Estado de daño No para préstamo Biblioteca de origen Biblioteca actual Ubicación en estantería Fecha de adquisición Fuente de adquisición Total de préstamos Signatura topográfica completa Código de barras Visto por última vez Precio de reemplazo Tipo de ítem Koha
        Biblioteca del Ateneo de Madrid Biblioteca del Ateneo de Madrid Galería 17/01/2008     C-21847 1143709 23/02/2023 23/02/2023 Libro impreso